|
|
|
|
| LEADER |
00000naa a2200000 a 4500 |
| 001 |
vtls010257673 |
| 003 |
SK-MaSNL |
| 005 |
20260302135016.0 |
| 008 |
11030213c2006 xo o |0||||||||0|||b|sl |
| 015 |
|
|
|a SNBRA2008/02
|
| 035 |
|
|
|a SVKKK000093789
|
| 038 |
|
|
|a SVKKK
|
| 040 |
|
|
|a SVKKK
|b slo
|c SVKKK
|e AACR2
|
| 041 |
0 |
|
|a slo
|
| 044 |
|
|
|a xo
|c SK
|
| 080 |
|
|
|a 346.26
|x (437.6)
|2 1997
|
| 080 |
|
|
|a 346.54
|2 1997
|
| 080 |
|
|
|a 338.242
|2 1997
|
| 100 |
1 |
|
|a Špirko, Juraj,
|d 1947-
|4 aut
|9 204667
|
| 245 |
1 |
0 |
|a Miera ingerencie štátu do podnikateľských vzťahov
|c Juraj Špirko
|
| 504 |
|
|
|a Bibliogr. odkazy
|
| 650 |
0 |
7 |
|a hospodárske právo
|2 SNKPH
|9 979
|
| 650 |
0 |
7 |
|a trhová ekonomika
|2 SNKPH
|9 2374
|
| 650 |
0 |
7 |
|a podnikateľské vzťahy
|2 SNK
|9 770228
|
| 650 |
0 |
7 |
|a ingerencia štátu
|2 SNK
|9 823010
|
| 773 |
0 |
|
|t Ingerencia orgánov verejnej moci do podnikania : zborník z vedeckej konferencie konanej 28.-29.9.2006 v Košiciach
|d Košice : Univerzita Pavla Jozefa Šafárika, 2006
|g S. 126-130
|z 8070976659
|
| 852 |
|
|
|a SVKKK
|b BIB
|
| 958 |
|
|
|a NB
|
| 958 |
|
|
|a SK
|
| 999 |
|
|
|c 1325517
|d 1327447
|